| 000 | 01022nam a2200241 c 4500 | ||
|---|---|---|---|
| 001 | 000030418 | ||
| 003 | RuMoIPM | ||
| 005 | 20260427111250.0 | ||
| 008 | 230210s1983 ru ||||||| |||| ||rus d | ||
| 035 | _a(RuMoBEN) 001978020 | ||
| 035 | _a(ELAR retro) [2022] 000053079 | ||
| 040 |
_aRuMoBEN _brus _ercr |
||
| 041 | 0 | _arus | |
| 044 | _aru | ||
| 080 | _a53:519.677(06) | ||
| 245 | 1 | 0 |
_aМетоды исследования некорректных задач математической физики _b[cборник научных трудов] _cАН СССР, Сиб. отд-ние, ВЦ ; Под ред. М. М. Лаврентьева |
| 260 |
_aНовосибирск _b[ВЦ СО АН СССР] _c1983 |
||
| 300 |
_a104 с. _bил. |
||
| 504 | _aБиблиогр. в конце ст. | ||
| 700 | 1 |
_aЛаврентьев, Михаил Михайлович _eред. |
|
| 710 | 2 |
_aАкадемия наук СССР _bСибирское отделение _bВычислительный центр |
|
| 942 | _cBK | ||
| 999 |
_c30418 _d30418 |
||